| 000 | 00809nam a22001937a 4500 | ||
|---|---|---|---|
| 999 |
_c63471 _d63471 |
||
| 003 | Ge_BSU | ||
| 005 | 20251015201339.0 | ||
| 008 | 251015s1992 ge ||||| |||| 00| 0 geo d | ||
| 041 | _ageo | ||
| 080 | _a338.22 :339.13 ძ-71 | ||
| 100 |
_aძნელაძე, დავით _9898 |
||
| 245 |
_aმეწარმეობა საბაზრო ეკონომიკის პირობებში / _cდავით ძნელაძე; რედ. ს. ვარდიშვილი. |
||
| 264 |
_aთბ., _c1992. |
||
| 300 |
_a134 გვ. ; _b20 სმ. |
||
| 653 | _aმეწარმეობა | ||
| 653 | _aსაბაზრო ეკონომიკა. | ||
| 700 |
_aვარდიშვილი, ს. _eრედაქტორი _926034 |
||
| 942 |
_2udc _cᲬᲘᲒᲜᲘ |
||